000 00187nam a2200085 4500
001 1255655
005 20251211090522.0
245 _aANNE TERLİĞİ
_cANIL BASILI
260 _bTİMAŞ YAYINLARI
999 _c1255655
_d1255655